|
|
|
|
| LEADER |
00000nam a22000007a 4500 |
| 005 |
20131218185554.0 |
| 007 |
cr|||| |||| |
| 008 |
131218s2013 sp |||||s|||| 00||0 spa d |
| 020 |
|
|
|a 978-84-9031-678-8
|
| 035 |
|
|
|a 11712
|
| 040 |
|
|
|a vLex
|
| 090 |
|
|
|c 4647
|d 4647
|
| 100 |
1 |
|
|a Borgia Sorrosal, Sofa̕
|
| 245 |
1 |
0 |
|a Entorno organizativo del despacho
|h [Recurso electrn̤ico] /
|c Sofa̕ Borgia Sorrosal
|
| 256 |
|
|
|a Servicio en ln̕ea
|
| 260 |
|
|
|a Madrid :
|b Dykinson,
|c 2013
|
| 300 |
|
|
|a 1 recurso electrn̤ico
|
| 506 |
1 |
|
|a Contenido solo disponible en los productos indicados
|d vLex Global
|d vLex Global (Academic Edition, excluding Law Schools)
|d vLex Global (U.S. Academic Edition, Law Schools)
|d vLex Global (U.S. Academic Edition, excluding Law Schools)
|d vLex Global (Academic Edition, Law Schools)
|
| 650 |
0 |
4 |
|a Despachos de abogados
|
| 740 |
0 |
|
|a vlex Libros (Servicio en ln̕ea)
|
| 856 |
4 |
0 |
|u http://vlex.com/source/entorno-organizativo-despacho-11712
|z Acceso restringido
|
| 942 |
|
|
|c BOOK
|
| 999 |
0 |
|
|a Legal firms
|